000 00363nam a2200145Ia 4500
008 230711s9999||||xx |||||||||||||| ||und||
041 _aENG
082 _a720
_bHA-T
100 _aHam Roderick
245 0 _aTheatres planning guidance for design
250 _a2nd Ed.
260 _c1987
_aNew York
_bButterworth-Heinemann Ltd
650 _aArchitecture
942 _cBK
999 _c312
_d312